000 00917cam a2200253 i 4500
999 _c7589
_d7589
003 OSt
005 20200316162304.0
008 170807s2018 nju o 001 0 eng
020 _z9780470537176 (cloth)
040 _aDLC
_beng
_erda
_cDLC
_dDLC
082 0 0 _a307.1216
_223
_bFAR
100 1 _aFarr, Douglas,
_eauthor.
245 1 0 _aSustainable nation :
_burban design patterns for the future /
_cby Douglas Farr.
300 _a1 online resource.
500 _aIncludes index.
650 0 _aSustainable urban development.
650 0 _aCity planning
_xEnvironmental aspects.
650 0 _aUrban ecology (Sociology)
650 0 _aUrban health.
776 0 8 _iPrint version:
_aFarr, Douglas, author.
_tSustainable nation
_dHoboken, New Jersey : John Wiley & Sons, Inc., [2018]
_z9780470537176
_w(DLC) 2017024943
906 _a7
_bcbc
_corigcop
_d1
_eecip
_f20
_gy-gencatlg
942 _2ddc